000 00232nam a2200109Ia 4500
100 _aMonday/ c.
942 _cBK
245 _aMilling
260 _bMAchinerys Standard Reference Series
_c2001
082 _a621.91
546 _aENGLISH
999 _c30642
_d30642